[Event "LTU B18"]
[Site "Vilnius"]
[Date "2019.02.15"]
[Round "1.1"]
[White "Pultinevicius, Paulius"]
[Black "Vasiliauskas, Domas"]
[Result "1-0"]
[WhiteElo "2434"]
[BlackElo "1739"]
[PlyCount "46"]
[EventDate "2019.02.15"]

1. d4 g6 2. c4 Bg7 3. e4 d6 4. Nc3 a6 5. Be3 b6 6. Nf3 Bb7 7. Be2 Nd7 8. O-O e6
9. a4 Ne7 10. a5 O-O 11. Qc2 h6 12. axb6 cxb6 13. Rfd1 Rc8 14. Qb3 Qc7 15. Rac1
Qb8 16. Qa3 Rfd8 17. Bf4 Nf6 18. c5 bxc5 19. dxc5 e5 20. cxd6 exf4 21. dxe7
Rxd1+ 22. Rxd1 Nxe4 23. Qb4 Qc7 1-0

[Event "LTU B18"]
[Site "Vilnius"]
[Date "2019.02.15"]
[Round "1.2"]
[White "Mockus, Dziugas"]
[Black "Vaskevicius, Augustas"]
[Result "0-1"]
[WhiteElo "1702"]
[BlackElo "1935"]
[PlyCount "50"]
[EventDate "2019.02.15"]

1. Nf3 c5 2. c4 Nf6 3. Nc3 Nc6 4. d4 cxd4 5. Nxd4 g6 6. e4 d6 7. Be3 Ng4 8. Be2
Nxe3 9. fxe3 Ne5 10. O-O Bh6 11. Nd5 O-O 12. Qe1 Be6 13. Qg3 Bxd5 14. exd5 Bg7
15. h4 Qb6 16. Rab1 Nxc4 17. Bxc4 Bxd4 18. Kh1 Be5 19. Qg5 Qb4 20. Bd3 Bf6 21.
Rxf6 exf6 22. Qxf6 Qd2 23. Qd4 Rae8 24. Qc4 Rxe3 25. Bf1 Rfe8 0-1

[Event "LTU B18"]
[Site "Vilnius"]
[Date "2019.02.15"]
[Round "1.3"]
[White "Vardanyan, Aras"]
[Black "Venckevicius, Justas"]
[Result "1-0"]
[WhiteElo "1884"]
[BlackElo "1608"]
[PlyCount "67"]
[EventDate "2019.02.15"]

1. d4 Nf6 2. c4 d6 3. f3 g6 4. e4 Bg7 5. Ne2 Nbd7 6. Be3 e5 7. Nec3 c6 8. Be2
O-O 9. O-O Re8 10. b4 Qc7 11. Na3 a6 12. Nc2 exd4 13. Bxd4 Nb6 14. c5 dxc5 15.
bxc5 Nbd7 16. Na3 Nh5 17. Na4 Bxd4+ 18. Qxd4 Qe5 19. Rad1 Nf4 20. Rfe1 Qxd4+
21. Rxd4 Re5 22. Nc4 Re7 23. Ncb6 Rb8 24. Bc4 Nxb6 25. Rd8+ Kg7 26. Nxb6 Rc7
27. Red1 Nh5 28. e5 Re7 29. e6 fxe6 30. Rxc8 Rxc8 31. Nxc8 Rc7 32. Nd6 Re7 33.
g3 Nf6 34. Rb1 1-0

[Event "LTU B18"]
[Site "Vilnius"]
[Date "2019.02.15"]
[Round "1.4"]
[White "Dailidenas, Justas"]
[Black "Koliasnikovas, Aironas"]
[Result "1/2-1/2"]
[WhiteElo "1600"]
[BlackElo "1834"]
[PlyCount "64"]
[EventDate "2019.02.15"]

1. e4 c5 2. Nf3 Nc6 3. d4 cxd4 4. Nxd4 Nf6 5. Nc3 e5 6. Ndb5 d6 7. Bg5 a6 8.
Na3 b5 9. Nd5 Be7 10. Bxf6 Bxf6 11. c3 Bg5 12. Nc2 O-O 13. Bd3 Be6 14. Nce3 Ne7
15. Bc2 Bxe3 16. Nxe3 Qb6 17. a3 Rad8 18. Bb3 Bxb3 19. Qxb3 Qc6 20. Nd5 Nxd5
21. Qxd5 Qxd5 22. exd5 Rc8 23. Ke2 Rc4 24. Rhd1 Rfc8 25. Rd3 a5 26. Kd2 e4 27.
Re3 f5 28. f3 R8c5 29. b3 Rxd5+ 30. Kc2 Rc8 31. fxe4 Re5 32. Rae1 Rce8 1/2-1/2

[Event "LTU B18"]
[Site "Vilnius"]
[Date "2019.02.15"]
[Round "1.5"]
[White "Pilipuitis, Mantas"]
[Black "Kurmis, Ernestas"]
[Result "1-0"]
[WhiteElo "1825"]
[BlackElo "1508"]
[PlyCount "129"]
[EventDate "2019.02.15"]

1. e4 e5 2. Nf3 Nc6 3. d4 exd4 4. Bc4 Qf6 5. O-O Bc5 6. Bg5 Qg6 7. Nbd2 h6 8.
Bf4 d6 9. Nb3 Bb6 10. Nfxd4 Nge7 11. Re1 O-O 12. a4 a5 13. Qd2 Ne5 14. Bxe5
dxe5 15. Nf3 Nc6 16. Qc3 Re8 17. Bd5 Bh3 18. Nh4 Qf6 19. Qg3 Bd7 20. Rad1 Re7
21. Rd3 Nb4 22. Rf3 Qg5 23. Bc4 Qxg3 24. hxg3 Be6 25. Bxe6 Rxe6 26. c3 Nc6 27.
Rd1 g6 28. Rfd3 Kf8 29. Nf3 Ke8 30. Nfd2 Rf6 31. Nf3 Rd8 32. Rxd8+ Nxd8 33.
Nbd2 Re6 34. Nc4 f6 35. Nh4 Rc6 36. b3 g5 37. Nf5 Nf7 38. Kf1 g4 39. Ke2 Ng5
40. f3 Ne6 41. Nxh6 Nc5 42. Nxg4 Ke7 43. Nd2 Nxb3 44. Nxb3 Rxc3 45. Rd3 Rc2+
46. Nd2 Ra2 47. Ne3 Rxa4 48. Nd5+ Ke6 49. Rb3 Bd4 50. Rxb7 c6 51. Nc7+ Kd6 52.
Ne8+ Ke6 53. f4 f5 54. Ng7+ Kf6 55. Nxf5 Bc3 56. Rc7 Bxd2 57. Rxc6+ Kf7 58.
Kxd2 Ra2+ 59. Rc2 Ra1 60. Ke2 a4 61. Ne3 Ra3 62. Kf2 Ke6 63. Nc4 Rb3 64. Nxe5
Rb4 65. Nc4 1-0

[Event "LTU B18"]
[Site "Vilnius"]
[Date "2019.02.15"]
[Round "1.6"]
[White "Dadurka, Povilas"]
[Black "Sarauskas, Andrius"]
[Result "1/2-1/2"]
[WhiteElo "1409"]
[BlackElo "1747"]
[PlyCount "98"]
[EventDate "2019.02.15"]

1. Nf3 Nf6 2. g3 c5 3. Bg2 g6 4. d3 Bg7 5. e4 O-O 6. O-O Nc6 7. Nc3 d6 8. Be3
Rb8 9. Qd2 Ng4 10. h3 Nxe3 11. Qxe3 Nd4 12. Ne1 b5 13. Nd1 b4 14. Qd2 a5 15. f4
a4 16. Nf3 a3 17. Rb1 axb2 18. Nxb2 Be6 19. Nc4 Bxc4 20. dxc4 Qa5 21. Nxd4
Bxd4+ 22. Kh2 Qxa2 23. Qd3 Qa5 24. Rfe1 Qc7 25. f5 Ra8 26. fxg6 hxg6 27. Rb3
Rab8 28. h4 Kg7 29. Qf3 Rh8 30. Rf1 e6 31. Qf4 Be5 32. Qg4 Rbf8 33. Rbf3 Rh5
34. Kg1 Qc8 35. Qh3 Qa6 36. g4 Rhh8 37. h5 g5 38. h6+ Rxh6 39. Rxf7+ Rxf7 40.
Rxf7+ Kxf7 41. Qxh6 Qxc4 42. Qh5+ Kf8 43. Qh6+ Ke8 44. Qg6+ Kf8 45. Qh6+ Ke8
46. Qg6+ Kd7 47. Qf7+ Kd8 48. Qf8+ Kc7 49. Qe7+ Kb6 1/2-1/2

[Event "LTU B18"]
[Site "Vilnius"]
[Date "2019.02.16"]
[Round "2.2"]
[White "Vaskevicius, Augustas"]
[Black "Vardanyan, Aras"]
[Result "0-1"]
[WhiteElo "1935"]
[BlackElo "1884"]
[PlyCount "82"]
[EventDate "2019.02.15"]

1. Nf3 c5 2. c4 Nf6 3. e3 Nc6 4. b3 g6 5. Bb2 Bg7 6. Be2 O-O 7. O-O d5 8. cxd5
Nb4 9. d4 cxd4 10. Nxd4 Nbxd5 11. Nd2 b6 12. Nc4 Bb7 13. Bf3 Rc8 14. e4 Nf4 15.
e5 N6d5 16. Re1 Ba6 17. e6 Bxc4 18. exf7+ Rxf7 19. bxc4 Nb4 20. g3 Nh3+ 21. Kg2
Ng5 22. Bg4 Rxc4 23. h4 Bxd4 24. hxg5 Rxf2+ 25. Kh3 Kh8 26. Be6 Rxb2 27. Bxc4
Nc2 28. Rc1 Nxe1 29. Be6 Nc2 30. Rxc2 Rxc2 31. Qxc2 Kg7 32. Qe4 Be5 33. Qh4 Kh8
34. Qc4 Qb8 35. Bc8 Bxg3 36. Qc3+ Be5 37. Qc6 Qd6 38. Qe8+ Kg7 39. Bg4 Qd3+ 40.
Kg2 Qd2+ 41. Kf1 Qxg5 0-1

[Event "LTU B18"]
[Site "Vilnius"]
[Date "2019.02.16"]
[Round "2.3"]
[White "Koliasnikovas, Aironas"]
[Black "Pilipuitis, Mantas"]
[Result "1/2-1/2"]
[WhiteElo "1834"]
[BlackElo "1825"]
[PlyCount "31"]
[EventDate "2019.02.15"]

1. d4 Nf6 2. Nf3 g6 3. c4 Bg7 4. Nc3 d5 5. cxd5 Nxd5 6. e4 Nxc3 7. bxc3 c5 8.
Be3 Qa5 9. Qd2 Nc6 10. Rc1 cxd4 11. cxd4 Qxd2+ 12. Kxd2 O-O 13. Bb5 Rd8 14.
Bxc6 bxc6 15. Rhd1 Rb8 16. Rc2 1/2-1/2

[Event "LTU B18"]
[Site "Vilnius"]
[Date "2019.02.16"]
[Round "2.4"]
[White "Sarauskas, Andrius"]
[Black "Dailidenas, Justas"]
[Result "0-1"]
[WhiteElo "1747"]
[BlackElo "1600"]
[PlyCount "166"]
[EventDate "2019.02.15"]

1. Nf3 Nf6 2. g3 d5 3. Bg2 c6 4. O-O Bg4 5. d3 Nbd7 6. Nbd2 e5 7. e4 Bd6 8. Qe2
O-O 9. h3 Bxf3 10. Nxf3 Qc7 11. Nh4 Rae8 12. Bg5 Re6 13. c3 Rfe8 14. Nf5 g6 15.
Nh6+ Kg7 16. h4 Rf8 17. Bh3 Ree8 18. Qf3 Be7 19. Rfe1 Nb6 20. Qe3 Ng8 21. Nxg8
Rxg8 22. Bh6+ Kh8 23. exd5 Bf6 24. dxc6 bxc6 25. Rad1 Nd5 26. Qc5 Be7 27. Qc4
Bf8 28. Bg5 f6 29. Bd2 Bd6 30. Bg2 Rb8 31. b4 Ne7 32. Qe6 Kg7 33. h5 Nf5 34.
Qc4 Rbc8 35. Bh3 Rcd8 36. Bxf5 gxf5 37. Qe6 Qd7 38. h6+ Kg6 39. Qc4 Rge8 40.
Kg2 Qe6 41. Qh4 Bf8 42. Rh1 Kf7 43. Be3 Qd5+ 44. Kg1 Qf3 45. Qh5+ Qxh5 46. Rxh5
Kg6 47. Rh4 a6 48. Kf1 Rd7 49. Ke2 Red8 50. f3 Ra8 51. Rd2 Rb7 52. a3 a5 53.
Rc4 axb4 54. axb4 Rc8 55. Rb2 Bxh6 56. Bxh6 Kxh6 57. b5 Kg6 58. Ke3 Kf7 59.
Rxc6 Rxb5 60. Rxc8 Rxb2 61. Rc7+ Kg6 62. c4 Rg2 63. Rc8 Kg7 64. c5 Rxg3 65. Kf2
f4 66. c6 Rh3 67. Kg2 Rg3+ 68. Kf2 Rh3 69. Ke2 Rh1 70. Kd2 Rh2+ 71. Kc3 Rh1 72.
Kb2 Rh2+ 73. Kb3 Rh1 74. c7 Rc1 75. Kb4 h5 76. Kb3 h4 77. Kb2 Rc6 78. Kb3 h3
79. Ra8 Rxc7 80. Ra2 Kg6 81. Rh2 Rh7 82. Kc2 Kg5 83. Kd2 Kh4 0-1

[Event "LTU B18"]
[Site "Vilnius"]
[Date "2019.02.16"]
[Round "2.5"]
[White "Vasiliauskas, Domas"]
[Black "Dadurka, Povilas"]
[Result "1-0"]
[WhiteElo "1739"]
[BlackElo "1409"]
[PlyCount "139"]
[EventDate "2019.02.15"]

1. d4 Nf6 2. c4 g6 3. Nc3 Bg7 4. e4 d6 5. Nf3 O-O 6. Be2 Nbd7 7. O-O e5 8. Re1
Re8 9. Bf1 h6 10. Rb1 exd4 11. Nxd4 Ne5 12. f3 Be6 13. Nxe6 Rxe6 14. Be3 g5 15.
Nb5 Nc6 16. Qd2 a6 17. Nc3 Ne7 18. Rbd1 Qe8 19. Nd5 Nfxd5 20. cxd5 Rg6 21. Bd3
Be5 22. Qb4 b6 23. Rc1 a5 24. Qb3 Ra7 25. Kh1 Rg7 26. g3 Qc8 27. Qc2 Ng6 28.
Bxb6 Rb7 29. Ba6 Qh3 30. Bxb7 cxb6 31. Qc8+ Qxc8 32. Rxc8+ Kh7 33. Rc6 b5 34.
b3 f6 35. Ba6 b4 36. Rf1 Ra7 37. Bb5 Rb7 38. Be2 h5 39. Rfc1 Kh6 40. Ra6 h4 41.
Kg2 Bb2 42. Rc2 Be5 43. Rxa5 hxg3 44. hxg3 Bd4 45. Rb5 Rxb5 46. Bxb5 Bc5 47.
Be2 Ne5 48. f4 gxf4 49. gxf4 Ng6 50. Kf3 Nh4+ 51. Kg3 Ng6 52. Rc1 Kg7 53. Bh5
Ne7 54. Kf3 Kh6 55. Be8 Kg7 56. Bd7 Ng6 57. Rc2 Kg8 58. Rh2 Bd4 59. Bf5 Ne7 60.
Rh5 Kg7 61. Ke2 Kf8 62. Kd3 Bb2 63. Kc4 Bc1 64. Kxb4 Bxf4 65. a4 Ke8 66. Rh8+
Kf7 67. Be6+ Kg7 68. Rb8 Be3 69. a5 Bc5+ 70. Ka4 1-0

[Event "LTU B18"]
[Site "Vilnius"]
[Date "2019.02.16"]
[Round "2.6"]
[White "Venckevicius, Justas"]
[Black "Mockus, Dziugas"]
[Result "1/2-1/2"]
[WhiteElo "1608"]
[BlackElo "1702"]
[PlyCount "125"]
[EventDate "2019.02.15"]

1. e4 d6 2. Nc3 Nf6 3. d3 g6 4. g3 Bg7 5. Bg2 O-O 6. Nge2 c5 7. O-O Nc6 8. f4
Qb6 9. h3 c4+ 10. Kh2 cxd3 11. cxd3 e6 12. g4 Nd7 13. f5 Qd8 14. Ng3 Nb6 15.
Be3 Nd4 16. Qd2 Kh8 17. Qf2 exf5 18. gxf5 Qf6 19. fxg6 Qxf2 20. Rxf2 hxg6 21.
Raf1 Kg8 22. a3 Bd7 23. Nge2 Nxe2 24. Rxe2 Na4 25. Nxa4 Bxa4 26. Rc1 Rac8 27.
Rc4 Bb5 28. Rxc8 Rxc8 29. Rd2 Rc1 30. Kg3 Rb1 31. d4 Ba4 32. Bf3 f6 33. Bf4 Bf8
34. Kf2 Kf7 35. Be2 Bc6 36. Bd3 Ra1 37. Rc2 d5 38. exd5 Bxd5 39. Rc7+ Kg8 40.
Bxg6 Rd1 41. Ke3 Re1+ 42. Kf2 Rd1 43. Ke3 Rf1 44. Bh5 Rxf4 45. Rd7 Rf5 46. Bg6
Rg5 47. Bd3 Bc6 48. Bc4+ Kh8 49. Rf7 Bg7 50. Kf4 Rg1 51. d5 Be8 52. Rxb7 Bg6
53. Rxa7 Rc1 54. b3 Bh6+ 55. Kg3 Rc3+ 56. Kh4 Bf5 57. Ra8+ Kh7 58. Bf1 Kg6 59.
Rg8+ Kh7 60. Rb8 Kg6 61. Rg8+ Kh7 62. Rb8 Kg6 63. Rg8+ 1/2-1/2

[Event "LTU B18"]
[Site "Vilnius"]
[Date "2019.02.16"]
[Round "3.1"]
[White "Pultinevicius, Paulius"]
[Black "Vardanyan, Aras"]
[Result "1-0"]
[WhiteElo "2434"]
[BlackElo "1884"]
[PlyCount "61"]
[EventDate "2019.02.15"]

1. d4 Nf6 2. c4 c5 3. d5 b5 4. cxb5 a6 5. bxa6 g6 6. Nc3 d6 7. e4 Bg7 8. Bb5+
Nbd7 9. Nf3 O-O 10. O-O Bxa6 11. Bxa6 Rxa6 12. Qe2 Qa8 13. h3 Rb6 14. Rb1 Ne8
15. Bg5 f6 16. Be3 Nc7 17. Nd2 Rfb8 18. Nc4 Rb4 19. b3 f5 20. Bd2 fxe4 21. Qxe4
Ne5 22. Rbc1 Ne8 23. Qe2 Bf6 24. Rfe1 R4b7 25. Ne3 Nc7 26. f4 Nf7 27. Ng4 Bh4
28. Rf1 Nb5 29. Nxb5 Rxb5 30. Qe6 Rf8 31. Bc3 1-0

[Event "LTU B18"]
[Site "Vilnius"]
[Date "2019.02.16"]
[Round "3.2"]
[White "Pilipuitis, Mantas"]
[Black "Dailidenas, Justas"]
[Result "1-0"]
[WhiteElo "1825"]
[BlackElo "1600"]
[PlyCount "31"]
[EventDate "2019.02.15"]

1. e4 c5 2. Nc3 d6 3. Nf3 Nf6 4. d4 cxd4 5. Nxd4 a6 6. Bc4 e6 7. Bb3 Be7 8. O-O
O-O 9. f4 b5 10. Qd3 Nbd7 11. Qh3 Nb6 12. Nc6 Qe8 13. Nxe7+ Qxe7 14. e5 dxe5
15. fxe5 Qc5+ 16. Be3 1-0

[Event "LTU B18"]
[Site "Vilnius"]
[Date "2019.02.16"]
[Round "3.3"]
[White "Kurmis, Ernestas"]
[Black "Vaskevicius, Augustas"]
[Result "0-1"]
[WhiteElo "1508"]
[BlackElo "1935"]
[PlyCount "86"]
[EventDate "2019.02.15"]

1. e4 c5 2. Nf3 d6 3. d4 cxd4 4. Nxd4 Nf6 5. Nc3 a6 6. f3 e5 7. Nb3 Be7 8. Bc4
Qc7 9. Bd5 Nbd7 10. Be3 O-O 11. O-O Nb6 12. Rc1 Nfxd5 13. Nxd5 Nxd5 14. exd5 a5
15. c4 a4 16. Nd2 f5 17. b3 axb3 18. axb3 f4 19. Bf2 Bf5 20. Ne4 Bxe4 21. fxe4
f3 22. g3 Qd7 23. Rc2 Bg5 24. Qd3 h5 25. Be3 Be7 26. Rcf2 Qg4 27. Bd2 Ra2 28.
Be1 Rxf2 29. Rxf2 h4 30. Ra2 Bd8 31. Qe3 hxg3 32. hxg3 Bg5 33. Qd3 Bf4 34. b4
Bxg3 35. Bxg3 Qxg3+ 36. Kf1 Qh3+ 37. Ke1 Qh1+ 38. Qf1 f2+ 39. Rxf2 Qxe4+ 40.
Qe2 Qb1+ 41. Kd2 Qxb4+ 42. Kd1 Qb1+ 43. Kd2 Qb2+ 0-1

[Event "LTU B18"]
[Site "Vilnius"]
[Date "2019.02.16"]
[Round "3.5"]
[White "Mockus, Dziugas"]
[Black "Vasiliauskas, Domas"]
[Result "1/2-1/2"]
[WhiteElo "1702"]
[BlackElo "1739"]
[PlyCount "70"]
[EventDate "2019.02.15"]

1. Nf3 Nf6 2. c4 g6 3. Nc3 Bg7 4. e4 d6 5. d4 O-O 6. Be2 e5 7. O-O Nc6 8. d5
Ne7 9. Ne1 Ne8 10. Nd3 f5 11. f3 f4 12. c5 g5 13. Bd2 h5 14. Rc1 Bd7 15. b4 Rf6
16. b5 c6 17. bxc6 bxc6 18. dxc6 Bxc6 19. Be1 Kh8 20. Bf2 Rg6 21. cxd6 Nxd6 22.
Nb4 Bb7 23. Qb3 g4 24. Ncd5 Nxd5 25. Nxd5 g3 26. Bc5 Qh4 27. h3 Bc8 28. Bxd6
Rxd6 29. Rxc8+ Rxc8 30. Qb7 Qd8 31. Qf7 Qe8 32. Qxa7 Ra8 33. Qc5 Rc6 34. Qb4
Rc2 35. Bb5 Qf8 1/2-1/2

[Event "LTU B18"]
[Site "Vilnius"]
[Date "2019.02.16"]
[Round "3.6"]
[White "Dadurka, Povilas"]
[Black "Venckevicius, Justas"]
[Result "1-0"]
[WhiteElo "1409"]
[BlackElo "1608"]
[PlyCount "73"]
[EventDate "2019.02.15"]

1. Nf3 d5 2. g3 Nf6 3. Bg2 Bf5 4. c4 e6 5. cxd5 exd5 6. O-O c6 7. d3 Bd6 8. Nc3
O-O 9. Re1 Bc7 10. Bg5 h6 11. Bxf6 Qxf6 12. e4 dxe4 13. dxe4 Bg4 14. h3 Rd8 15.
Qe2 Bh5 16. e5 Qe6 17. Ng5 Qg6 18. Nf3 Bxf3 19. Bxf3 Re8 20. Bh5 Qf5 21. Bg4
Qxe5 22. Qd2 Qxe1+ 23. Rxe1 Rxe1+ 24. Qxe1 Na6 25. Ne4 Rd8 26. Qe3 Bb6 27. Qb3
Rd4 28. Qf3 Nb4 29. Bh5 g6 30. Nf6+ Kg7 31. Bg4 Nxa2 32. h4 h5 33. Bh3 Nc1 34.
Ne4 f5 35. Ng5 Rd2 36. Qc3+ Bd4 37. Qxd2 1-0

[Event "LTU B18"]
[Site "Vilnius"]
[Date "2019.02.17"]
[Round "4.1"]
[White "Pilipuitis, Mantas"]
[Black "Pultinevicius, Paulius"]
[Result "0-1"]
[WhiteElo "1825"]
[BlackElo "2434"]
[PlyCount "96"]
[EventDate "2019.02.15"]

1. e4 c6 2. d4 d5 3. e5 Bf5 4. c4 e6 5. a3 Nd7 6. Nc3 Ne7 7. Be3 dxc4 8. Bxc4
c5 9. dxc5 Nc6 10. f4 Bxc5 11. Bxc5 Nxc5 12. Nf3 Qb6 13. b4 Rd8 14. Qe2 Bd3 15.
bxc5 Qxc5 16. Bxd3 Qxc3+ 17. Kf2 Qxd3 18. Qxd3 Rxd3 19. Rhd1 Rxd1 20. Rxd1 Ke7
21. Rb1 Rb8 22. Nd2 f6 23. exf6+ gxf6 24. Rb3 f5 25. Rh3 Rh8 26. Rb3 b6 27. Rc3
Kd7 28. Rd3+ Kc7 29. Re3 Re8 30. Nf3 h6 31. h3 b5 32. g4 fxg4 33. hxg4 a5 34.
Ne5 b4 35. Nxc6 Kxc6 36. axb4 axb4 37. Ke2 Kd5 38. Kd3 Rg8 39. Re5+ Kd6 40. Re4
b3 41. Kc3 Rxg4 42. Kxb3 h5 43. Kc3 h4 44. Kd3 h3 45. Re1 Rxf4 46. Ke3 Ke5 47.
Rh1 Ra4 48. Kf3 Ra2 0-1

[Event "LTU B18"]
[Site "Vilnius"]
[Date "2019.02.17"]
[Round "4.2"]
[White "Vaskevicius, Augustas"]
[Black "Koliasnikovas, Aironas"]
[Result "1/2-1/2"]
[WhiteElo "1935"]
[BlackElo "1834"]
[PlyCount "43"]
[EventDate "2019.02.15"]

1. Nf3 d5 2. e3 c5 3. c4 e6 4. b3 d4 5. exd4 cxd4 6. d3 Nf6 7. g3 Nc6 8. Bg2
Bd6 9. O-O O-O 10. Ba3 Qe7 11. Bxd6 Qxd6 12. a3 a5 13. Nbd2 e5 14. Ng5 Nd7 15.
Qh5 h6 16. Nge4 Qe7 17. Bh3 Nf6 18. Nxf6+ Qxf6 19. Ne4 Qe7 20. Bxc8 Raxc8 21.
Qf5 Qc7 22. f4 1/2-1/2

[Event "LTU B18"]
[Site "Vilnius"]
[Date "2019.02.17"]
[Round "4.3"]
[White "Vardanyan, Aras"]
[Black "Dadurka, Povilas"]
[Result "1-0"]
[WhiteElo "1884"]
[BlackElo "1409"]
[PlyCount "84"]
[EventDate "2019.02.15"]

1. e4 g6 2. d4 Bg7 3. f4 d6 4. Nf3 e6 5. Be2 Nf6 6. e5 Nd5 7. O-O O-O 8. c4 Ne7
9. Nc3 d5 10. b3 Nbc6 11. Kh1 h5 12. Be3 Nf5 13. Bf2 Nce7 14. h3 Nh6 15. Rg1 f6
16. Qd2 f5 17. Bh4 c6 18. Rac1 Bd7 19. cxd5 exd5 20. Na4 b6 21. Qb4 Re8 22. Qd6
Nf7 23. Qa3 Bf8 24. Ba6 Bc8 25. Bxc8 Qxc8 26. Qb2 Qe6 27. Qc2 Rac8 28. b4 Bh6
29. Qd2 Kh7 30. Bf6 Bg7 31. Ng5+ Nxg5 32. fxg5 Rc7 33. Nb2 Rec8 34. Nd3 Bf8 35.
Nf4 Qf7 36. g4 Kg8 37. gxh5 Bg7 38. Qe2 c5 39. hxg6 Nxg6 40. Nh5 Bf8 41. e6 Qh7
42. Be5 Rg7 1-0

[Event "LTU B18"]
[Site "Vilnius"]
[Date "2019.02.17"]
[Round "4.4"]
[White "Vasiliauskas, Domas"]
[Black "Sarauskas, Andrius"]
[Result "1/2-1/2"]
[WhiteElo "1739"]
[BlackElo "1747"]
[PlyCount "75"]
[EventDate "2019.02.15"]

1. d4 Nf6 2. c4 g6 3. g3 Bg7 4. Bg2 O-O 5. Nf3 c5 6. O-O Nc6 7. Nc3 d6 8. d5
Na5 9. Nd2 e6 10. e4 exd5 11. cxd5 Ng4 12. Nf3 Re8 13. Re1 a6 14. Bf4 Nc4 15.
Qc2 b5 16. h3 Nge5 17. Nxe5 Nxe5 18. a4 b4 19. Nd1 f5 20. Bxe5 Bxe5 21. Ne3
fxe4 22. Nc4 Qf6 23. g4 Bb7 24. Rad1 Bd4 25. Rxe4 Rxe4 26. Bxe4 Rf8 27. Rf1 Qf4
28. Kg2 Re8 29. f3 a5 30. Qc1 Qf6 31. b3 Ba6 32. Kh2 Qh4 33. Kg2 Bxc4 34. Qxc4
Be5 35. f4 Bd4 36. Qd3 Qf6 37. g5 Qe7 38. Re1 1/2-1/2

[Event "LTU B18"]
[Site "Vilnius"]
[Date "2019.02.17"]
[Round "4.5"]
[White "Dailidenas, Justas"]
[Black "Kurmis, Ernestas"]
[Result "1/2-1/2"]
[WhiteElo "1600"]
[BlackElo "1508"]
[PlyCount "75"]
[EventDate "2019.02.15"]

1. e4 e5 2. Nf3 Nc6 3. Bb5 a6 4. Bxc6 dxc6 5. O-O Bg4 6. h3 h5 7. d3 Qf6 8. Be3
Bxf3 9. Qxf3 Qxf3 10. gxf3 Bd6 11. d4 O-O-O 12. dxe5 Bxe5 13. c3 Ne7 14. Nd2
Ng6 15. Nc4 Bf4 16. Rfd1 f6 17. Kf1 b6 18. Ke2 Bxe3 19. Kxe3 Rxd1 20. Rxd1 Ne7
21. f4 g6 22. Nd2 Rd8 23. Ke2 c5 24. Nf1 Rxd1 25. Kxd1 c4 26. Ke2 Kd7 27. Ke3
c5 28. Ng3 Kd6 29. h4 f5 30. e5+ Ke6 31. Nf1 Nd5+ 32. Kf3 b5 33. Ne3 Nb6 34.
Ke2 b4 35. Kd2 a5 36. Kc2 a4 37. a3 b3+ 38. Kd2 1/2-1/2

[Event "LTU B18"]
[Site "Vilnius"]
[Date "2019.02.18"]
[Round "5.1"]
[White "Pultinevicius, Paulius"]
[Black "Vaskevicius, Augustas"]
[Result "1-0"]
[WhiteElo "2434"]
[BlackElo "1935"]
[PlyCount "105"]
[EventDate "2019.02.15"]

1. d4 Nf6 2. c4 e6 3. Nf3 d5 4. Nc3 c6 5. Bg5 Be7 6. e3 Nbd7 7. Qc2 a6 8. Bd3
dxc4 9. Bxc4 b5 10. Be2 c5 11. dxc5 Nxc5 12. O-O O-O 13. Rfd1 Qc7 14. Rac1 Qb6
15. e4 b4 16. e5 bxc3 17. exf6 Bxf6 18. Bxf6 gxf6 19. Qxc3 Ne4 20. Qd4 Qxd4 21.
Nxd4 Bb7 22. f3 Nd6 23. Nxe6 fxe6 24. Rxd6 Bd5 25. Rxa6 Rxa6 26. Bxa6 Ra8 27.
Rc8+ Rxc8 28. Bxc8 Bxa2 29. Kf2 Kf7 30. Ke3 Ke7 31. Kd4 Kd6 32. Ba6 Bd5 33. Bc4
e5+ 34. Kc3 Bb7 35. Bd3 h6 36. Bf5 Ba6 37. Kd2 Kc5 38. Ke3 Bc4 39. Kf2 Kd4 40.
Kg3 Ke3 41. b4 Bb5 42. Bh3 Be8 43. Bc8 Bb5 44. Be6 h5 45. Bf7 h4+ 46. Kxh4 Kf2
47. g4 Kxf3 48. g5 fxg5+ 49. Kxg5 Ke3 50. h4 Be2 51. h5 Bxh5 52. Bxh5 Kd4 53.
b5 1-0

[Event "LTU B18"]
[Site "Vilnius"]
[Date "2019.02.18"]
[Round "5.2"]
[White "Koliasnikovas, Aironas"]
[Black "Vardanyan, Aras"]
[Result "1-0"]
[WhiteElo "1834"]
[BlackElo "1884"]
[PlyCount "85"]
[EventDate "2019.02.15"]

1. d4 Nf6 2. c4 c5 3. d5 b5 4. cxb5 a6 5. b6 g6 6. Nc3 Bg7 7. e4 d6 8. Nf3 Nbd7
9. a4 Qxb6 10. a5 Qd8 11. Nd2 O-O 12. Be2 Rb8 13. O-O Ne8 14. f4 e6 15. dxe6
fxe6 16. Bc4 Nc7 17. f5 Ne5 18. fxg6 hxg6 19. Qe2 Rb4 20. Rxf8+ Qxf8 21. Ra4
Nxc4 22. Nxc4 Bxc3 23. Rxb4 Bxb4 24. Qg4 Kf7 25. Bg5 Ke8 26. Bf4 Nb5 27. Qxg6+
Qf7 28. Qg4 Kd8 29. Nb6 Bxa5 30. Nxc8 Kxc8 31. h4 Nd4 32. Bxd6 c4 33. Bc5 Nc6
34. h5 Ne5 35. Qg5 Bc7 36. Bd4 Nd3 37. h6 e5 38. Be3 Kd7 39. Qg4+ Kd6 40. Qh4
Nf4 41. Bxf4 exf4 42. e5+ Kc6 43. Qf6+ 1-0

[Event "LTU B18"]
[Site "Vilnius"]
[Date "2019.02.18"]
[Round "5.3"]
[White "Sarauskas, Andrius"]
[Black "Pilipuitis, Mantas"]
[Result "1-0"]
[WhiteElo "1747"]
[BlackElo "1825"]
[PlyCount "115"]
[EventDate "2019.02.15"]

1. e4 c5 2. d3 Nf6 3. Nf3 d5 4. Nbd2 Nc6 5. g3 Bg4 6. Bg2 e6 7. h3 Bh5 8. O-O
Be7 9. Re1 O-O 10. b3 b5 11. a4 a6 12. Bb2 d4 13. Qe2 Nd7 14. Nf1 Qc7 15. g4
Bg6 16. Ng3 Bd6 17. e5 Bxe5 18. Nxe5 Ndxe5 19. axb5 axb5 20. f4 Nxd3 21. cxd3
Qxf4 22. Rxa8 Rxa8 23. Qf3 Qxf3 24. Bxf3 Ra2 25. Bxc6 Rxb2 26. Bxb5 Rxb3 27.
Bc4 Ra3 28. Ne4 Bxe4 29. Rxe4 Kf8 30. Re2 Ke7 31. Rb2 Ra5 32. Kf2 Kf6 33. Rb7
h6 34. h4 Kg6 35. Kf3 Kf6 36. Bb5 Ke5 37. Bc4 Kf6 38. Ke4 Ra1 39. Kf3 Rf1+ 40.
Kg2 Re1 41. Rc7 Re2+ 42. Kf3 Re3+ 43. Kf2 Rh3 44. h5 g6 45. hxg6 fxg6 46. Rxc5
Re3 47. Ra5 Rh3 48. Ra6 Re3 49. Rd6 h5 50. Rxd4 Re5 51. Kf3 h4 52. Rf4+ Kg5 53.
Re4 Kf6 54. d4 Ra5 55. Rxe6+ Kg7 56. Ra6 Rg5 57. Kf4 Kh6 58. Ra8 1-0

[Event "LTU B18"]
[Site "Vilnius"]
[Date "2019.02.18"]
[Round "5.4"]
[White "Mockus, Dziugas"]
[Black "Dailidenas, Justas"]
[Result "0-1"]
[WhiteElo "1702"]
[BlackElo "1600"]
[PlyCount "66"]
[EventDate "2019.02.15"]

1. Nf3 Nf6 2. c4 g6 3. Nc3 Bg7 4. e4 d6 5. d4 O-O 6. Be2 Nbd7 7. O-O c6 8. h3
e5 9. Be3 h6 10. b4 a5 11. dxe5 Nxe5 12. Nxe5 dxe5 13. Qxd8 Rxd8 14. bxa5 Bf8
15. Rab1 Be6 16. Rxb7 Rd7 17. Rb6 Rc7 18. Rbb1 Nd7 19. f4 exf4 20. Bxf4 Rca7
21. Rfd1 Rxa5 22. Bg4 Bxg4 23. hxg4 Nf6 24. Bd6 Bg7 25. Bb4 R5a6 26. a3 Nxg4
27. Rd7 Bxc3 28. Bxc3 Rxa3 29. Bd4 Rd3 30. Rd6 g5 31. Bc5 Rc3 32. Rd4 Ra4 33.
Bb4 Rxb4 0-1

[Event "LTU B18"]
[Site "Vilnius"]
[Date "2019.02.18"]
[Round "5.5"]
[White "Venckevicius, Justas"]
[Black "Vasiliauskas, Domas"]
[Result "1/2-1/2"]
[WhiteElo "1608"]
[BlackElo "1739"]
[PlyCount "112"]
[EventDate "2019.02.15"]

1. e4 g6 2. d4 Bg7 3. Nc3 d6 4. Bg5 a6 5. f4 b5 6. Nf3 Nd7 7. e5 Nh6 8. Bd3 Bb7
9. Be4 Bxe4 10. Nxe4 O-O 11. O-O Nf5 12. Qe1 f6 13. g4 fxe5 14. gxf5 gxf5 15.
Ng3 h6 16. Bh4 e4 17. c3 Nb6 18. Nd2 Qd7 19. Rd1 Na4 20. Rb1 c5 21. Qf2 Rac8
22. dxc5 Nxc5 23. Qg2 Kh7 24. Qh3 e6 25. Nh5 Nd3 26. Bf2 Bh8 27. Kh1 Rg8 28.
Be3 Rg6 29. Rg1 Rcg8 30. Rxg6 Rxg6 31. Ng3 Qb7 32. Qf1 Rg8 33. Nb3 Rf8 34. Nc1
Nxc1 35. Rxc1 Qe7 36. Qh3 Qf7 37. Qh5 Qxh5 38. Nxh5 Kg6 39. Ng3 Kf7 40. Rd1 Ke7
41. Kg2 e5 42. Kf2 Ke6 43. Ke2 Rd8 44. fxe5 Bxe5 45. Bd4 d5 46. Rf1 Rf8 47. Nh5
f4 48. Bxe5 Kxe5 49. Rg1 d4 50. cxd4+ Kxd4 51. Rd1+ Ke5 52. Kf2 Rc8 53. Ke2 Rg8
54. Rd7 Rg2+ 55. Ke1 e3 56. Re7+ Kd6 1/2-1/2